000 00663cam a2200241 a 4500
001 2422221
005 20180313050601.0
008 870713s1987 mnu b 001 0 eng
010 _a 87019791
020 _a0899083986 (lib. bdg.) :
_c$13.95
020 _a0899083730 (pbk.) :
_c$6.95
040 _aDLC
_cDLC
_dDLC
041 _aeng
043 _an-us---
080 _a320.973
082 0 0 _a320.973 BEN
_219
100 _a20
101 _aSHP
245 0 0 _aAmerican government :
_cDavid L. Bender, book editor.
504 _aBibliography: p. 259-264.
906 _a7
_bcbc
_corignew
_d1
_eocip
_f19
_gy-gencatlg
942 _2ddc
_cBK
999 _c44838
_d44838